| 000 | 01373naa a22004217a 4500 | ||
|---|---|---|---|
| 001 | BR7602636 | ||
| 003 | BR-BrBNA | ||
| 005 | 20240918173839.0 | ||
| 007 | ta | ||
| 008 | 230509b bl.||||| |||| 00| 0 por d | ||
| 040 |
_aBR-BrBNA _bpor _cBiblioteca Nacional de Agricultura |
||
| 041 | _a(Pt) | ||
| 072 |
_aE15 _b/G514 |
||
| 090 | _aE15 BR7602636 | ||
| 100 | 1 | _aAmorim, J. de A. | |
| 100 | 1 | _aAlves, D.M. | |
| 100 | 1 | _aMacedo, J.C.C. de | |
| 100 | 1 | _aPalacios, j.b. | |
| 100 | 1 | _aArraes, N.L. | |
| 100 | 1 | _aOliveira, E.P. de | |
| 100 | 1 | _aRamos, N.F. | |
| 100 | 1 | _aSeixas, A.R.P. | |
| 100 | 1 | _aSantos, F.M. dos | |
| 100 | 1 | _aAndrade, H.A.C. | |
| 100 | 1 | _aEspirito Santo, M.B. do | |
| 100 | 1 | _aBrito, A. de S. | |
| 111 | 1 |
_a1. Encontro Nacional de Agropecuaria _cBrasilia, DF (Brazil) _d17 Nov 1975 |
|
| 245 | 1 | _aUm modelo de credito para o produtor rural [Credito rural; Brasil] | |
| 260 | 3 |
_aBrasilia, DF (Brasil): _c1975. |
|
| 500 | _aTemario do 1. Encontro Nacional de Agropecuaria Brasilia, DF (Brasil): 1975. p. 28-34 (BR7602636-AM)E15 | ||
| 650 | _aMicroeconomia | ||
| 650 | _aCredito rural | ||
| 650 | _aCarteira agricola | ||
| 650 | _aLegislacao | ||
| 773 | 0 |
_tTemario do 1. Encontro Nacional de Agropecuaria _wE15 BR7602636 _gBrasilia, DF (Brasil), 1975. p. 28-34 |
|
| 909 |
_a202404 _bLucia _c55 _dLucia Elande |
||
| 942 |
_cAM _2AGRIS |
||
| 999 |
_c307257 _d307257 |
||